000 00402nam a2200193Ia 4500
001 14136
003 GE_BSU
008 181216s||||||||xx |||||||||||||| ||und||
040 _cGE_BSU
080 _a821.353.1-32
100 _aHerbert,James
245 _aSepulchre
260 _aLondon
260 _bGuild publishing
260 _c1987
300 _a316p.20cm.
653 _aSepulchre
942 _cBK
999 _c47276
_d47276